01971nam a22001577a 4500008004100000020001800041050001400059245010900073260003400182300002400216490003600240505143100276650001801707700004401725700004401769161011t20122013mx ||||fr|||| 00| 0 spa d a978607091097504aK123bE7510aÉtica jurídicac / coordinadores del volúmen: Eber Omar Betanzos Torres, Israel González Delgado3 aMéxicob : Porrúac, 2013 axxii, 485 páginas aObra Jurídica Enciclopédica aIndependencia judicial, ética y democracia Sobre ética e impartición de justicia El sistema de responsabilidad ética judicial de la República de Paraguay: a seis años de su vigencia La ética del juez: breve estudio sobre este particular Exigencias actuales para el mejor juez Ética del juez constitucional El juicio de reproche ético ante la transgresión de los cánones de los códigos de ética judicial La nueva ética del juzgador ante los juegos orales en el estado de Morelos Naturaleza y alcances de las comisiones de ética en los órganos judiciales La ética y su proceso histórico Independencia y dependencia en la ética estoica. Claves para el entendimiento de la independencia como concepto jurídico Ética sin participación religiosa Paradigmas modernos de la postmodernidad y la política para el derecho La vida interna partidista: un ejemplo de deslegitimación ética del Estado mexicano La reelección en México. un análisis crítico ético comparativo El aumento de la asistencia oficial para el desarrollo como deber ético Ética y seguridad social Examen de los "principios de la bioética" del discurso bioético contemporáneo predominante Ética y policía: otro enfoque La ética como discurso legimitador previo a la actuación policial: su impacto en la percepción de seguridad pública Ética, colegiación y certificación profesional14aÉTICA LEGAL1 aBetanzos Torres, Eber Omarecoordinador1 aGonzález Delgado, Israelecoordinador